Quiz sur le singe malicieux - Statistiques

Statistiques générales
  • Ce quiz a été pris 5 fois
  • Le résultat moyen est 7 sur 20
Statistiques - réponses
Hint Réponse % Correct
Année de sortie de Toy Story 1 1995
100%
Année de sortie de Toy Story 2 1998
100%
Année de sortie de Toy Story 3 2010
100%
Mon 4ème sport Basket
67%
Boisson préférée Eau ;)
67%
Mon 2ème sport Judo
67%
Mon 1er sport Natation
67%
Mon 3ème sport Badminton
33%
Mon lycée Fabert
33%
Mon dessert préféré Tiramisu
33%
Adresse de Morhange 1 impasse des vignes
0%
Adresse de Metz 25 Allée de la ferme
0%
Mon collège Arboretum
0%
Affiche près de mon bureau Autant en emporte le vent
0%
Affiche près de mon lit Casablanca
0%
Equipe de foot favorite FC Barcelone
0%
Affiche près de ma porte Le Magicien d'Oz
0%
Le film qui a lancé ma cinéphilie Les dents de la mer
0%
Premier film vu au cinéma Volt
0%
Personnalité que j'admire Walt Disney
0%
Aucun quiz correspondant
Distribution des résultats
% des personnes avec chaque résultat
Percentile par nombre de réponses
Votre historique - résultats
Vous n’avez pas pris ce quiz